000 00519nam a2200193 a 4500
001 1771067063086
003 YourLibrary
005 20260214163803.0
008 260214s2000##################000#0#eng##
020 _a9780521444613
082 0 4 _a307.760941
_bPAL
100 1 _aClark, Peter,
_eauthor.
245 1 0 _aThe Cambridge Urban History of Britain :
260 _bCambridge University Press,
_c2000.
300 _a386 pages
650 0 _aHistory.
942 _cENGLISH
040 _aYourLibrary
_beng
_cYourLibrary
999 _c612494
_d612494